| 000 | 01130nam a2200337 i 4500 | ||
|---|---|---|---|
| 001 | 13002 | ||
| 003 | KOSZ 005 | ||
| 005 | 20200805114035.0 | ||
| 008 | 950707s1970 pl a f |000 0 pol d | ||
| 040 |
_cKOSZ 005/HR _aKOSZ 005/HR _dKOSZ 005/HR |
||
| 041 |
_apol _hrus |
||
| 046 | _k1970 | ||
| 080 | _a519.6 | ||
| 080 | _a519.8 | ||
| 100 | 1 |
_a Volgin, Lev Nikolaevič. _eAutor |
|
| 245 | 0 |
_aOptymalizacja / _cL. N. Wołgin ; tł. Mirosław Rojewski. |
|
| 246 | 3 | 0 |
_iTyt. oryg. : _aProblema optimal'nosti v teoretičeskoj kibernetike |
| 260 |
_aWarszawa : _bWydawnictwa Naukowo-Techniczne, _c1970. |
||
| 300 |
_a151, [1] s. : _bil. ; _c21 cm. |
||
| 380 | _aKsiążki | ||
| 388 | _a1901-2000 | ||
| 388 | _a1945-1989 | ||
| 504 | _a Bibliogr. s. 146-148. Indeks. | ||
| 658 | _aMatematyka | ||
| 650 | 4 | _aOptymalizacja | |
| 650 | 4 | _aTeoria gier | |
| 700 | 1 |
_aRojewski, Mirosław. _eTłumaczenie |
|
| 710 | 2 |
_aWydawnictwa Naukowo-Techniczne _4pbl. |
|
| 856 |
_uhttp://koha.tu.koszalin.pl/cgi-bin/koha/opac-detail.pl?biblionumber=13002 _yKatalog online BPK |
||
| 942 |
_cKS _2UKD |
||
| 999 |
_c13002 _d13002 |
||